| 000 -CABECERA |
| Longitud fija campo de control |
00905nas a22002537a 4500 |
| 003 - IDENTIFICADOR DEL NÚMERO DE CONTROL |
| Identificador del número de control |
OSt |
| 005 - FECHA Y HORA DE LA ÚLTIMA TRANSACCIÓN |
| Fecha y hora de la última transacción |
20181022122821.0 |
| 008 - CÓDIGOS DE INFORMACIÓN DE LONGITUD FIJA |
| Códigos de información de longitud fija |
131031d1993 spc||||| |||| 00| 0 eng d |
| 040 ## - FUENTE DE LA CATALOGACIÓN |
| Centro transcriptor |
CDMR |
| Lengua de catalogación |
cat |
| 245 00 - MENCIÓN DE TÍTULO |
| Título |
Fil directe del Sindicat de Periodistes de Catalunya |
| 246 3# - VARIANTES DE TÍTULO |
| Título propio / Título en breve |
Fil directe |
| 260 ## - PUBLICACIÓN, DISTRIBUCIÓN, ETC. (PIE DE IMPRENTA) |
| Lugar de publicación, distribución, etc. |
Barcelona |
| Nombre del editor, distribuidor, etc. |
Sindicat de Periodistes de Catalunya |
| Fecha de publicación, distribución, etc. |
1993 - 2009 |
| 300 ## - DESCRIPCIÓN FÍSICA |
| Extensión |
núm. |
| Otras características físicas |
il. |
| Dimensiones |
43 cm |
| 310 ## - PERIODICIDAD ACTUAL |
| Periodicidad actual |
Irregular |
| 362 0# - FECHAS DE PUBLICACIÓN Y/O DESIGNACIÓN SECUENCIAL |
| Fecha de publicación y/o designación secuencial |
Núm. 1 (des. 1993) - núm. 81 (jul. 2009) |
| 377 ## - LENGUA ASOCIADA |
| Código de lengua |
català |
| 500 ## - NOTA GENERAL |
| Nota general |
Continuat per: Fil directe en línia (revista electrònica) |
| 650 04 - PUNTO DE ACCESO ADICIONAL DE MATERIA - TÉRMINO DE MATERIA |
| 9 (RLIN) |
3172 |
| Término de materia o nombre geográfico como elemento inicial |
Periodisme |
| Subdivisión geográfica |
Catalunya |
| Subdivisión de forma |
Revistes |
| 650 04 - PUNTO DE ACCESO ADICIONAL DE MATERIA - TÉRMINO DE MATERIA |
| 9 (RLIN) |
4580 |
| Término de materia o nombre geográfico como elemento inicial |
Butlletins d'informació |
| 710 2# - PUNTO DE ACCESO ADICIONAL - NOMBRE DE ENTIDAD |
| 9 (RLIN) |
2905 |
| Nombre de entidad o nombre de jurisdicción como elemento inicial |
Sindicat de Periodistes de Catalunya |
| 740 0# - PUNTO DE ACCESO ADICIONAL - TÍTULO RELACIONADO O ANALÍTICO NO CONTROLADO |
| Título relacionado o analítico no controlado |
Fil directe en línia |
| 856 41 - LOCALIZACIÓN Y ACCESO ELECTRÓNICO |
| Identificador Uniforme del Recurso (URI) |
<a href="http://www.sindicatperiodistes.cat/documents-Fil-Directe">http://www.sindicatperiodistes.cat/documents-Fil-Directe</a> |
| Nota pública |
Disponible en línia |
| 942 ## - ENTRADA DE ELEMENTOS AGREGADOS (KOHA) |
| Fuente de clasificaión o esquema |
|
| Koha [por defecto] tipo de item |
Publicacions periòdiques |
| Marca de registro de periódicas |
1 |